Statistics for NBA Players In Game of Zones Season 6

Click here to take the quiz!

General Stats

  • This quiz has been taken 8 times
  • The average score is 61 of 103

Answer Stats

Player % Correct
Jimmy Butler
100%
Kyrie Irving
100%
Chris Paul
100%
James Harden
100%
Kristaps Porzingis
100%
Anthony Davis
100%
LeBron James
100%
Lonzo Ball
100%
Karl-Anthony Towns
100%
DeMar DeRozan
100%
Kyle Lowry
100%
DeMarcus Cousins
100%
Kevin Love
100%
Meyers Leonard
100%
Tristan Thompson
100%
Carmelo Anthony
100%
Kawhi Leonard
100%
Andrew Wiggins
100%
Damian Lillard
100%
Al Horford
100%
Ben Simmons
100%
Klay Thompson
100%
Devin Booker
100%
Giannis Antetokounmpo
100%
Joel Embiid
100%
Jayson Tatum
83%
Pau Gasol
83%
Sterling Brown
83%
Luka Doncic
83%
John Wall
83%
Brook Lopez
83%
Khris Middleton
83%
Bradley Beal
83%
Jaylen Brown
83%
Trae Young
83%
Marcus Smart
83%
Gordon Hayward
83%
Mike Conley
83%
Nikola Jokic
83%
Norman Powell
83%
Seth Curry
83%
CJ McCollum
83%
Josh Jackson
83%
Jonas Valanciunas
83%
J.J. Redick
83%
J.R. Smith
67%
Jusuf Nurkic
67%
Dwight Howard
67%
Pascal Siakam
67%
Deandre Ayton
67%
Kyle Kuzma
67%
Al-Farouq Aminu
67%
Serge Ibaka
67%
Eric Bledsoe
67%
Robert Williams
67%
Kevin Durant
67%
Dirk Nowitzki
67%
Brandon Ingram
67%
Josh Hart
50%
Hassan Whiteside
50%
George Hill
50%
C.J. Miles
50%
Nikola Mirotić
33%
Avery Bradley
33%
Evan Turner
33%
Marcus Morris
33%
Malcolm Brogdon
33%
Ivica Zubac
33%
Zach LaVine
33%
Zach Collins
33%
MarShon Brooks
33%
Ersan Ä°lyasova
33%
Frank Kaminsky
33%
Maxi Kleber
33%
Jahlil Okafor
33%
OG Anunoby
33%
Donte DiVincenzo
33%
Fred VanVleet
33%
Markelle Fultz
33%
Tony Snell
17%
D.J. Wilson
17%
Josh Okogie
17%
T.J. McConnell
17%
JaVale McGee
17%
Mario Hezonja
17%
Patrick Beverley
17%
Jakob Poeltl
17%
Terry Rozier
17%
Dragan Bender
17%
Tyler Zeller
17%
Nik Stauskas
17%
J.J. Barea
17%
Julius Randle
17%
Aron Baynes
17%
Trevor Ariza
17%
Delon Wright
0%
Jake Layman
0%
Bonzie Colson
0%
Tim Frazier
0%
Pat Connaughton
0%
Matthew Dellavedova
0%
Channing Frye
0%
Lucas Nogueira
0%

Score Distribution

Percentile by Number Answered

Percent of People with Each Score

Your Score History

You have not taken this quiz